|
|
|
|
| LEADER |
01245nam a2200325 a 4500 |
| 001 |
EBC595129 |
| 003 |
MiAaPQ |
| 005 |
20200520144314.0 |
| 006 |
m o d | |
| 007 |
cr cn||||||||| |
| 008 |
110909s2010 gw ad sb 000 0 eng d |
| 020 |
|
|
|z 9783836684477
|
| 020 |
|
|
|a 9783836634472 (electronic bk.)
|
| 035 |
|
|
|a (MiAaPQ)EBC595129
|
| 035 |
|
|
|a (Au-PeEL)EBL595129
|
| 035 |
|
|
|a (CaPaEBR)ebr10489145
|
| 035 |
|
|
|a (OCoLC)679422174
|
| 040 |
|
|
|a MiAaPQ
|c MiAaPQ
|d MiAaPQ
|
| 050 |
|
4 |
|a HG4529.5
|b .S36 2010
|
| 100 |
1 |
|
|a Schneider, Christoph.
|
| 245 |
1 |
0 |
|a How useful is the information ratio to evaluate the performance of portfolio managers?
|h [electronic resource] /
|c Christoph Schneider.
|
| 260 |
|
|
|a Hamburg :
|b Diplomica Verlag,
|c 2010.
|
| 300 |
|
|
|a iv, 90 p. :
|b col. ill.
|
| 500 |
|
|
|a Title from cover.
|
| 504 |
|
|
|a Includes bibliographical references.
|
| 533 |
|
|
|a Electronic reproduction. Ann Arbor, MI : ProQuest, 2015. Available via World Wide Web. Access may be limited to ProQuest affiliated libraries.
|
| 650 |
|
0 |
|a Portfolio management
|x Evaluation.
|
| 655 |
|
4 |
|a Electronic books.
|
| 710 |
2 |
|
|a ProQuest (Firm)
|
| 856 |
4 |
0 |
|u https://ebookcentral.proquest.com/lib/matrademy/detail.action?docID=595129
|z Click to View
|